La peste escarlata / (Record no. 20744)
[ view plain ]
| 000 -CABECERA | |
|---|---|
| campo de control de longitud fija | 00625nam a2200205 a 4500 |
| 001 - NÚMERO DE CONTROL | |
| campo de control | 000021243 |
| 005 - FECHA Y HORA DE LA ÚLTIMA TRANSACCIÓN | |
| campo de control | 20200930011253.0 |
| 008 - DATOS DE LONGITUD FIJA--INFORMACIÓN GENERAL | |
| campo de control de longitud fija | 100902s1972 sp 000 j spa d |
| 040 ## - FUENTE DE LA CATALOGACIÓN | |
| Centro catalogador/agencia de origen | DO-SdBNP |
| Lengua de catalogación | spa |
| Centro/agencia transcriptor | BNPHU |
| 082 ## - NÚMERO DE LA CLASIFICACIÓN DECIMAL DEWEY | |
| Número de clasificación | 813.5 |
| Número de documento/Ítem | L847p |
| 100 1# - ENTRADA PRINCIPAL--NOMBRE DE PERSONA | |
| Nombre de persona | London, Jack. |
| 9 (RLIN) | 44404 |
| 245 13 - MENCIÓN DE TÍTULO | |
| Título | La peste escarlata / |
| Mención de responsabilidad, etc. | Jack London. |
| 260 ## - PUBLICACIÓN, DISTRIBUCIÓN, ETC. | |
| Lugar de publicación, distribución, etc. | Madrid, (España) : |
| Nombre del editor, distribuidor, etc. | Doncel, |
| Fecha de publicación, distribución, etc. | 1972. |
| 300 ## - DESCRIPCIÓN FÍSICA | |
| Extensión | 170 p. ; |
| Dimensiones | 18 cm. |
| 490 1# - MENCIÓN DE SERIE | |
| Mención de serie | Libro Joven de Bolsillo |
| Designación de volumen o secuencia | 10 |
| 590 ## - NOTA LOCAL (RLIN) | |
| Nota local | Inventariado,2020/BT |
| 650 #4 - PUNTO DE ACCESO ADICIONAL DE MATERIA--TÉRMINO DE MATERIA | |
| Término de materia o nombre geográfico como elemento de entrada | Cuentos estadounidenses |
| 9 (RLIN) | 3514 |
| 650 #4 - PUNTO DE ACCESO ADICIONAL DE MATERIA--TÉRMINO DE MATERIA | |
| Término de materia o nombre geográfico como elemento de entrada | Literatura estadounideses |
| 9 (RLIN) | 44405 |
| 830 #0 - PUNTO DE ACCESO ADICIONAL DE SERIE-TÍTULO UNIFORME | |
| Título uniforme | Libro Joven de Bolsillo |
| Designación de volumen o secuencia | 10 |
| 9 (RLIN) | 13001 |
| Estado de retiro | Estado de pérdida | Restricciones de uso | No para préstamo | Código de colección | Localización permanente | Ubicación/localización actual | Ubicación en estantería | Fecha de adquisición | Número de inventario | Total de préstamos | Signatura topográfica completa | Código de barras | Fecha visto por última vez | Precio válido a partir de | Tipo de ítem Koha | Número de copia |
|---|---|---|---|---|---|---|---|---|---|---|---|---|---|---|---|---|
| Monografías: Libros y Folletos | General | General | En catalogación | 02.09.2010 | LF1 | 813.5 L847p | 21243-10 | 25.06.2020 | 25.06.2020 | Préstamo en sala | ||||||
| Préstamo restrigido | Monografías: Libros y Folletos | General | General | En catalogación | 02.09.2010 | LF1 | 813.5 L847p | 21243-20 | 25.06.2020 | 25.06.2020 | Préstamo en sala | e. 2 | ||||
| Monografías: Libros y Folletos | General | General | En catalogación | 02.09.2010 | LF1 | 813.5 L847p | 21243-30 | 25.06.2020 | 25.06.2020 | Préstamo en sala | e. 3 |
